[Event "Défi( 10J+24H/c 10J Max )"]
[Site "www.echecsemail.com"]
[Date "2026.01.24"]
[Round "1"]
[White "Tiounet"]
[Black "Titit1"]
[WhiteElo "1590"]
[BlackElo "1460"]
[Result "0-1"]
1.a3 Nb8c6
2.b4 Ng8f6
3.Bc1b2 e5
4.b5 Nc6e7
5.Bb2xe5 Nf6d5
6.a4 d6
7.Be5b2 Bc8f5
8.Ng1f3 Nd5b4
9.g3 Nb4xc2
{ abandon }0-1

[Event "Défi( 10J+24H/c 10J Max )"]
[Site "www.echecsemail.com"]
[Date "2026.01.24"]
[Round "1"]
[White "Titit1"]
[Black "Marathonman"]
[WhiteElo "1360"]
[BlackElo "2040"]
[Result "0-1"]
1.d4 d5
2.Ng1f3 Nb8c6
3.Nb1c3 Ng8f6
4.e3 a6
5.Bf1d3 h6
6.O-O Bc8g4
7.h3 Bg4h5
8.Bd3e2 e6
9.Nf3e5 Bh5xe2
10.Qd1xe2 Nc6xe5
11.dxe5 Nf6d7
12.f4 Bf8c5
13.Bc1d2 Qd8h4
14.Nc3a4 Bc5a7
15.Qe2d3 b5
16.Na4c3 Nd7c5
17.Qd3e2 O-O
18.Qe2f3 c6
19.e4 b4
20.Nc3e2 a5
21.exd5 cxd5
22.c3 Nc5b3
23.Kh1 Nb3xd2
24.Qf3d3 Nd2xf1
25.Ra1xf1 bxc3
26.Ne2xc3 f6
27.Qd3a6 Ba7e3
28.Qa6xe6 Kh8
29.Rf1d1 d4
30.Nc3d5 Qh4h5
31.Rd1f1 Qh5f7
32.Qe6c6 fxe5
33.Nd5c7 Ra8c8
34.Qc6d6 Qf7xc7
35.Qd6d5 Rf8xf4
36.Rf1xf4 Qc7c1
37.Kh2 Be3xf4
38.g3 Rc8c2
39.Qd5g2 Rc2xg2
40.Kxg2 Qc1d2
41.Kf3 Qd2e3
42.Kg4 Qe3xg3
43.Kf5 Kh7
44.Ke6 d3
45.Kd5 d2
46.Kc4 d1R
47.Kc5 Qg3d3
48.b3 Qd3c3
49.Kb5 Rd1d5
50.Kb6 Qc3c5
51.Kb7 Rd5d7
52.Ka6 Bf4d2
53.a4 Qc5c6
0-1

[Event "Coupe Niveau 2"]
[Site "www.echecsemail.com"]
[Date "2026.01.24"]
[Round "1"]
[White "Patau"]
[Black "Bertelsen"]
[WhiteElo "1710"]
[BlackElo "1690"]
[Result "0-1"]
1.e4 e5
2.Ng1f3 d6
3.d4 exd4
4.Qd1xd4 Qd8f6
5.Nb1c3 Qf6xd4
6.Nf3xd4 c6
7.Bf1c4 Bf8e7
8.O-O Ng8f6
9.Bc1f4 O-O
10.e5 Nf6e8
11.Rf1e1 d5
12.Bc4d3 Bc8e6
13.Re1e3 h6
14.Nc3e2 Be6c8
15.e6 fxe6
16.Nd4xe6 Bc8xe6
17.Re3xe6 Be7f6
18.Bf4e5 Nb8d7
19.Be5d6 Ne8xd6
20.Re6xd6 Nd7e5
21.Ra1e1 Ne5xd3
22.cxd3 Ra8b8
23.Ne2c3 Bf6d4
24.Rd6d7 Bd4xf2
25.Kh1 Bf2xe1
{ abandon }0-1

[Event "Coupe Niveau 3"]
[Site "www.echecsemail.com"]
[Date "2026.01.24"]
[Round "1"]
[White "Panchoa"]
[Black "Verson"]
[WhiteElo "1610"]
[BlackElo "1850"]
[Result "0-1"]
1.e4 e6
2.Ng1f3 d5
3.Nb1c3 dxe4
4.Nf3e5 Ng8f6
5.Bf1b5 c6
6.Bb5a4 Bf8d6
7.Ne5g4 Nb8d7
8.O-O b5
9.Ba4b3 O-O
10.d3 exd3
11.Qd1xd3 Nf6xg4
12.Qd3h3 Nd7f6
13.Bc1g5 h6
14.Bg5xf6 Ng4xf6
15.Ra1d1 Qd8c7
16.Nc3e2 Rf8e8
17.c3 Bc8b7
18.Ne2d4 a6
19.Nd4f3 Bd6f4
20.g3 Ra8d8
21.Rd1xd8 Re8xd8
22.gxf4 Qc7xf4
23.Bb3d1 c5
24.Kh1 Rd8d3
25.Kg2 Bb7e4
26.Rf1e1 Be4c6
27.Bd1e2 Rd3d5
28.Be2d1 Rd5h5
29.Qh3g3 Bc6xf3
30.Bd1xf3 Rh5g5
31.Bf3g4 Rg5xg4
{ abandon }0-1

[Event "Tournoi échelle division 2"]
[Site "www.echecsemail.com"]
[Date "2026.01.24"]
[Round "1"]
[White "Chesslife"]
[Black "Bertelsen"]
[WhiteElo "1660"]
[BlackElo "1720"]
[Result "1-0"]
1.e4 e5
2.d4 exd4
3.c3 Nb8c6
4.cxd4 d5
5.Nb1c3 Bc8e6
6.Ng1f3 h6
7.Bf1b5 Ng8e7
8.O-O a6
9.Bb5a4 b5
10.Ba4c2 Ne7g6
11.Bc1e3 Bf8d6
12.e5 Bd6e7
13.Bc2xg6 fxg6
14.Qd1c2 Be6f5
15.Qc2d2 Ra8b8
16.Ra1c1 a5
17.a3 b4
18.axb4 axb4
19.Nc3a4 O-O
20.Na4c5 Bf5g4
21.e6 Bg4xf3
22.Nc5d7 Rf8f5
23.Nd7xb8 Nc6xb8
24.gxf3 Rf5xf3
25.Be3xh6 Rf3f5
26.Bh6e3 Be7g5
27.Be3xg5 Rf5xg5
28.Kh1 Qd8f6
29.f4 Rg5f5
30.Rc1e1 Nb8c6
31.b3 Kf8
32.e7 Nc6xe7
33.Qd2xb4 Rf5xf4
34.Rf1xf4 Qf6xf4
35.Qb4xe7 Kg8
36.Qe7e6 { abandon }1-0

[Event "XERTIGNY  VOSGES"]
[Site "www.echecsemail.com"]
[Date "2026.01.24"]
[Round "1"]
[White "Rachess"]
[Black "Legrillon"]
[WhiteElo "1560"]
[BlackElo "1710"]
[Result "1-0"]
1.e4 e5
2.Ng1f3 Ng8f6
3.Bf1c4 Nf6xe4
4.d4 d5
5.Bc4b3 exd4
6.Nf3xd4 Bf8c5
7.O-O O-O
8.Nb1c3 Ne4xc3
9.bxc3 c6
10.Bc1f4 Nb8d7
11.Rf1e1 Nd7f6
12.Bf4g5 Qd8d6
13.Qd1d2 Nf6e4
14.Re1xe4 dxe4
15.Ra1e1 Rf8e8
16.g3 Bc8f5
17.Nd4xf5 Qd6e5
18.Qd2d7 Re8f8
19.Bg5e7 Ra8e8
20.Be7xf8 Re8xf8
21.Nf5e3 Qe5xc3
22.Re1e2 Qc3b4
23.Ne3c4 b5
24.Nc4e5 Qb4d4
25.Bb3xf7 Kh8
26.Ne5g6 hxg6
27.Qd7h3 1-0

[Event "Défi( 10J+24H/c 10J Max )"]
[Site "www.echecsemail.com"]
[Date "2026.01.24"]
[Round "1"]
[White "Gonzok67"]
[Black "Sierra117"]
[WhiteElo "1850"]
[BlackElo "1660"]
[Result "0-1"]
1.e4 e5
2.c3 d5
3.exd5 Qd8xd5
4.c4 Qd5d8
5.Ng1f3 Bf8d6
6.Nb1c3 Ng8f6
7.d3 a6
8.Bc1g5 Nb8d7
9.g3 h6
10.Bg5d2 O-O
11.Bf1g2 Rf8e8
12.O-O Ra8b8
13.Rf1e1 c6
14.Qd1c1 Kh7
15.Qc1c2 Qd8c7
16.Nf3h4 Nf6g8
17.d4 Kh8
18.d5 cxd5
19.Nc3xd5 Qc7d8
20.Qc2f5 Nd7f6
21.Qf5f3 Nf6xd5
22.Qf3xd5 Bc8e6
23.Qd5e4 Ng8f6
24.Qe4c2 Qd8d7
25.Ra1d1 Rb8c8
26.b3 b5
27.Nh4f3 Nf6g8
28.Nf3xe5 Bd6xe5
29.Re1xe5 Qd7e7
30.Bg2f1 f6
31.Rd1e1 fxe5
32.Qc2e4 Rc8d8
33.Bd2c3 Qe7f6
34.Qe4c6 Be6d7
35.Qc6c5 Rd8c8
36.Qc5e3 Qf6f5
37.Bf1d3 e4
38.Qe3d4 Ng8f6
39.Bd3xe4 Re8xe4
40.Re1xe4 Rc8g8
41.Re4f4 Qf5e6
42.c5 Bd7c6
43.h4 Qe6h3
44.f3 Qh3xg3
45.Kf1 Bc6xf3
46.Rf4xf3 Qg3xf3
47.Ke1 Rg8e8
48.Kd2 Re8e2
49.Kc1 Qf3f1
50.Qd4d1 Qf1xd1
51.Kxd1 Re2xa2
52.b4 Nf6e4
53.Bc3e1 Ra2g2
54.c6 Ne4d6
55.c7 Nd6c8
56.Be1d2 g5
57.hxg5 hxg5
58.Kc2 Rg2g3
59.Bd2c3 Kh7
60.Bc3e5 Rg3f3
61.Be5f6 g4
62.Kd2 g3
63.Bf6d4 g2
64.Ke2 Rf3f7
65.Bd4g1 Rf7xc7
66.Kf3 Rc7c4
67.Kxg2 Rc4xb4
68.Bg1c5 Rb4c4
69.Bc5f8 Nc8b6
70.Bf8a3 b4
71.Ba3xb4 Rc4xb4
72.Kf3 Rb4c4
{ abandon }0-1

[Event "Tournoi n27348"]
[Site "www.echecsemail.com"]
[Date "2026.01.24"]
[Round "1"]
[White "Leredoutable"]
[Black "Legros"]
[WhiteElo "1760"]
[BlackElo "1740"]
[Result "0-1"]
1.e4 Ng8f6
2.Ng1f3 Nf6xe4
3.Bf1c4 d5
4.Bc4b3 c5
5.c3 Nb8c6
6.d3 Ne4f6
7.O-O Bc8g4
8.h3 Bg4d7
9.Nf3g5 e5
10.Qd1e2 Bf8d6
11.Nb1d2 O-O
12.Rf1e1 Rf8e8
13.Qe2f1 Re8e7
14.Bb3c2 d4
15.c4 Nc6b4
16.Bc2b1 b5
17.a3 Nb4a6
18.Nd2e4 Nf6xe4
19.Re1xe4 bxc4
20.dxc4 f6
21.Ng5f3 Bd7c6
22.Re4h4 g6
23.Qf1d3 f5
24.Nf3g5 e4
25.Qd3e2 d3
26.Qe2e3 Qd8d7
27.b4 cxb4
28.axb4 Na6xb4
29.Qe3d4 Bd6e5
30.Qd4xd7 Re7xd7
31.Bc1d2 Be5xa1
32.Bd2xb4 a5
33.Bb4c5 Bc6a4
34.Bc5e3 Ra8b8
35.Bb1a2 Rb8b7
36.c5 Kh8
37.Be3d2 Ba1e5
38.Ng5e6 Rb7b2
39.Bd2xa5 Rb2xa2
40.Ba5d8 Ra2a1
0-1

[Event "Défi"]
[Site "www.echecsemail.com"]
[Date "2026.01.24"]
[Round "1"]
[White "Tiounet"]
[Black "Lancov"]
[WhiteElo "1600"]
[BlackElo "1940"]
[Result "0-1"]
1.a3 d6
2.b4 Ng8f6
3.Bc1b2 g6
4.g3 Bf8g7
5.Bf1g2 c6
6.Ng1f3 Bc8g4
7.O-O Qd8d7
8.Rf1e1 Bg4h3
9.Bg2h1 e5
10.c4 Qd7g4
11.e3 h5
12.Nb1c3 Nb8d7
13.d3 h4
14.b5 hxg3
15.fxg3 Nf6h5
16.Nc3e4 Ke7
17.bxc6 bxc6
18.Ne4g5 Nh5xg3
19.Qd1d2 Ng3xh1
20.Kxh1 f6
21.Ng5xh3 Qg4xf3
22.Qd2g2 Qf3xh3
23.Qg2xh3 Rh8xh3
24.Re1e2 Ra8h8
25.a4 Nd7c5
26.d4 Nc5e4
27.Re2g2 Rh3xe3
28.dxe5 fxe5
29.Rg2xg6 Bg7f6
30.Kg1 Re3e2
31.Bb2a3 c5
32.Rg6g2 Re2e3
33.a5 Ne4c3
34.a6 e4
35.Ra1f1 Re3f3
36.Rf1xf3 exf3
37.Rg2f2 Bf6d4
{ abandon }0-1

[Event "Défi"]
[Site "www.echecsemail.com"]
[Date "2026.01.24"]
[Round "1"]
[White "Raztis"]
[Black "Turbo"]
[WhiteElo "1609"]
[BlackElo "1340"]
[Result "0-1"]
1.Ng1f3 d5
2.Nb1c3 Ng8f6
3.e3 e6
4.b3 Bf8d6
5.a4 h6
6.a5 O-O
7.Ra1a4 Bc8d7
8.Ra4h4 e5
9.Nc3a4 Bd7xa4
10.bxa4 Nb8c6
11.c3 Nc6xa5
12.Bf1d3 e4
13.Bd3b1 Qd8e7
14.Qd1c2 exf3
15.gxf3 Na5c4
16.Rh1g1 Nc4e5
17.Rh4f4 Ne5g6
18.Bc1b2 Bd6xf4
19.c4 Bf4xh2
20.Bb2xf6 Qe7xf6
21.Rg1xg6 Qf6h4
22.Rg6xg7 Kxg7
23.Qc2f5 Bh2g1
24.cxd5 Qh4xf2
25.Kd1 Ra8d8
{ abandon }0-1

[Event "Tournoi n27389"]
[Site "www.echecsemail.com"]
[Date "2026.01.24"]
[Round "1"]
[White "Gognol"]
[Black "Legrillon"]
[WhiteElo "1900"]
[BlackElo "1750"]
[Result "0-1"]
1.e4 e5
2.Ng1f3 d6
3.d3 Bc8g4
4.Bf1e2 h6
5.c3 Nb8c6
6.h3 Bg4h5
7.Nb1d2 Ng8f6
8.Nd2f1 Bf8e7
9.Nf1g3 Bh5g6
10.Nf3h4 O-O
11.Nh4xg6 fxg6
12.Qd1b3 Kh8
13.Qb3xb7 Qd8d7
14.Qb7b3 Ra8b8
15.Qb3d1 d5
16.exd5 Qd7xd5
17.Be2f3 Qd5d6
18.O-O Nc6d8
19.Rf1e1 Nd8e6
20.Ng3e4 Nf6xe4
21.Bf3xe4 Ne6c5
22.Be4xg6 Qd6xg6
23.d4 Nc5e6
24.g3 exd4
25.cxd4 Be7d6
26.Kh1 Rf8xf2
27.Re1g1 Qg6e4
{ abandon }0-1

[Event "Défi( 10J+24H/c 10J Max )"]
[Site "www.echecsemail.com"]
[Date "2026.01.24"]
[Round "1"]
[White "Pioupiou22"]
[Black "Snarf"]
[WhiteElo "1760"]
[BlackElo "1720"]
[Result "1/2-1/2"]
1.e4 e5
2.Nb1c3 Bf8b4
3.Nc3d5 Bb4a5
4.Bf1c4 Ng8f6
5.Ng1f3 Nf6xe4
6.Qd1e2 Ne4d6
7.Qe2xe5 Kf8
8.O-O Nd6xc4
9.Qe5e2 Nc4d6
10.b4 Ba5b6
11.c4 c5
12.b5 a6
13.a4 Bb6a5
14.d3 f6
15.Bc1f4 Nd6f7
16.Qe2e3 Ba5b4
17.Ra1b1 b6
18.Bf4c7 Qd8e8
19.Bc7xb6 d6
20.Rf1e1 Bb4xe1
21.Qe3xe8 Kxe8
22.Nd5c7 Kd7
23.Rb1xe1 axb5
24.Nc7xa8 bxa4
25.Bb6a5 Nb8c6
26.Na8b6 Kd8
27.Ba5c3 Nf7e5
28.Re1e3 a3
29.Nf3d2 Bc8f5
30.Nd2e4 Bf5xe4
31.dxe4 Kc7
32.Nb6d5 Kb7
33.Bc3xe5 fxe5
34.Re3xa3 Rh8a8
35.Ra3xa8 Kxa8
36.Kf1 Nc6a5
37.Nd5e3 Kb7
38.Ke2 Na5b3
39.Kd1 Kb6
40.g4 Ka5
41.h4 g6
42.f3 Kb4
43.Kc2 Nb3d4
44.Kd3 Nd4xf3
45.h5 gxh5
46.gxh5 Nf3g5
47.Ne3f5 Ng5f7
48.Nf5e7 Kb3
49.Ne7f5 h6
50.Nf5e3 Nf7d8
51.Ne3f5 Nd8f7
52.Nf5e3 Kb2
53.Ne3d1 Kc1
54.Nd1e3 Nf7g5
55.Ne3f5 Ng5f7
56.Nf5g3 Kd1
57.Ng3f5 Ke1
58.Ke3 Kf1
59.Kf3 Kg1
60.Kg3 Kh1
61.Nf5e3 Nf7g5
62.Ne3f5 Ng5xe4
63.Kg4 Ne4f6
64.Kh4 e4
65.Nf5xh6 e3
66.Nh6f5 e2
67.Nf5g3 Kg2
68.Ng3xe2 Kf3
69.Ne2g3 Ke3
70.Ng3f5 Kd3
71.Nf5xd6 Kd4
72.h6 Ke5
73.Nd6b7 Kd4
74.Kg5 Nf6h7
75.Kg6 Nh7f8
76.Kf7 Nf8h7
77.Kg7 Nh7g5
78.Kg6 Ng5e6
79.h7 Ne6f8
80.Kh6 Nf8xh7
81.Kxh7 Kxc4
82.Nb7xc5 1/2-1/2

[Event "Eq:au plaisir du jeux -Vikings :"]
[Site "www.echecsemail.com"]
[Date "2026.01.24"]
[Round "1"]
[White "Gege62111"]
[Black "Estrafolis"]
[WhiteElo "1720"]
[BlackElo "1660"]
[Result "0-1"]
1.e4 c5
2.e5 d6
3.Ng1f3 a6
4.Bf1e2 Nb8c6
5.O-O d5
6.Rf1e1 Nc6xe5
7.Nf3xe5 Qd8d6
8.d4 cxd4
9.Qd1xd4 Ng8f6
10.Bc1f4 Qd6d8
11.Be2f3 e6
12.Nb1c3 Bf8d6
13.Nc3xd5 O-O
14.Nd5xf6 gxf6
15.Bf4h6 Bd6xe5
16.Qd4xd8 Rf8xd8
17.c3 Bc8d7
18.Bf3xb7 Ra8b8
19.Bb7xa6 Rb8xb2
20.Bh6d2 Rb2xd2
21.c4 Be5xa1
22.Re1xa1 Bd7b5
23.Ba6xb5 Rd2d1
{ abandon }0-1

[Event "Tetraktus 103"]
[Site "www.echecsemail.com"]
[Date "2026.01.24"]
[Round "1"]
[White "Connecticcut"]
[Black "Intrigue"]
[WhiteElo "1910"]
[BlackElo "1760"]
[Result "1-0"]
1.e4 e6
2.d4 d5
3.e5 c5
4.Bf1b5 Bc8d7
5.Bb5xd7 Nb8xd7
6.Ng1f3 cxd4
7.O-O Bf8c5
8.c3 dxc3
9.Nb1xc3 Qd8c7
10.Bc1e3 Ng8e7
11.Be3xc5 Nd7xc5
12.Ra1c1 Qc7b6
13.Qd1c2 Ne7g6
14.Nc3a4 Nc5xa4
15.Qc2xa4 Ke7
16.h4 Rh8c8
17.h5 Ng6f8
18.Qa4a3 Ke8
19.Rc1xc8 Ra8xc8
20.b3 a6
21.Rf1c1 Rc8xc1
22.Qa3xc1 Qb6c6
23.Qc1b2 Nf8d7
24.b4 Qc6c4
25.a3 b5
26.Qb2d2 Qc4e4
27.Qd2e3 Qe4g4
28.Qe3a7 Qg4xh5
29.Qa7xa6 Nd7xe5
30.Qa6xb5 Ke7
31.Nf3xe5 Qh5xe5
32.a4 Kd6
33.a5 Qe5e1
34.Kh2 Qe1e5
35.g3 Qe5h5
36.Kg2 Ke5
37.Qb5b8 Kd4
38.Qb8f4 Kc3
39.b5 d4
40.b6 Qh5xa5
41.b7 Qa5b6
42.b8Q { abandon }1-0

[Event "Tournoi n27406"]
[Site "www.echecsemail.com"]
[Date "2026.01.24"]
[Round "1"]
[White "Albescab"]
[Black "Tiounet"]
[WhiteElo "1620"]
[BlackElo "1610"]
[Result "0-1"]
1.b3 h6
2.Bc1b2 Ng8f6
3.Bb2xf6 exf6
4.g3 g6
5.Bf1g2 Bf8g7
6.d4 O-O
7.Nb1c3 Rf8e8
8.Ng1f3 b6
9.Nf3h4 Nb8c6
10.Qd1d3 Bc8b7
11.f4 Nc6b4
12.Qd3d2 Bb7xg2
13.Nh4xg2 d6
14.h4 Nb4c6
15.g4 Re8e6
16.f5 Re6e7
17.fxg6 fxg6
18.O-O-O Qd8e8
19.e4 Nc6b4
20.g5 fxg5
21.hxg5 h5
22.Kb1 Nb4c6
23.d5 Nc6e5
24.Qd2e2 Ne5f7
25.Nc3b5 Nf7xg5
26.Ng2f4 Re7xe4
27.Qe2f2 Bg7e5
28.Nf4xh5 gxh5
29.Nb5xc7 Qe8g6
30.Nc7xa8 Re4f4
31.Qf2g2 Rf4g4
32.Qg2e2 Ng5e4
33.Qe2a6 Ne4c3
34.Kc1 Be5f4
35.Kb2 Nc3xd1
36.Rh1xd1 Bf4e5
37.Ka3 Qg6xc2
38.Qa6c8 Qc2xc8
{ abandon }0-1

[Event "1001"]
[Site "www.echecsemail.com"]
[Date "2026.01.24"]
[Round "1"]
[White "4x4"]
[Black "Katastrofic"]
[WhiteElo "1490"]
[BlackElo "1380"]
[Result "0-1"]
1.f4 d5
2.Ng1f3 e6
3.e3 Bf8e7
4.Nb1c3 Ng8f6
5.d4 O-O
6.Nf3e5 h6
7.Bc1d2 Nb8d7
8.Qd1e2 Nd7xe5
9.fxe5 Nf6e4
10.Nc3xe4 dxe4
11.O-O-O c6
12.Qe2g4 f5
13.Qg4f4 Be7g5
14.Qf4g3 b6
15.h4 Bg5e7
16.a3 Rf8f7
17.Qg3h2 a5
18.Qh2f4 c5
19.Bf1e2 Bc8a6
20.Be2xa6 Ra8xa6
21.h5 cxd4
22.g4 dxe3
23.Bd2xe3 Qd8c8
24.Rd1d2 Be7g5
25.Qf4f2 Bg5xe3
26.Qf2xe3 Qc8c6
27.gxf5 Rf7xf5
28.Rd2g2 Kh7
29.Qe3g3 Rf5g5
30.Qg3f4 Rg5xg2
31.c3 e3
32.Qf4xe3 Ra6a7
33.Rh1g1 Rg2xg1
34.Kc2 Rg1g2
35.Kb1 Ra7f7
36.Qe3d3 Kg8
37.Ka2 Qc6d5
38.Qd3xd5 exd5
39.Kb3 a4
40.Kxa4 Rg2xb2
41.e6 Rf7a7
0-1

[Event "Tournoi n27392"]
[Site "www.echecsemail.com"]
[Date "2026.01.24"]
[Round "1"]
[White "Lancien57"]
[Black "Mokanne"]
[WhiteElo "1440"]
[BlackElo "1440"]
[Result "0-1"]
1.e4 a6
2.Ng1f3 f6
3.Nb1c3 e5
4.d4 d6
5.Bf1e2 c6
6.dxe5 fxe5
7.O-O h6
8.b3 Bf8e7
9.Bc1b2 Be7f6
10.Bb2a3 b5
11.Ba3xd6 Ng8e7
12.Bd6xb8 Ra8xb8
13.Qd1xd8 Kxd8
14.Ra1d1 Bc8d7
15.a3 Kc7
16.b4 Ne7g6
17.a4 Bf6e7
18.axb5 cxb5
19.Nc3d5 Kd8
20.Nd5xe7 Kxe7
21.c3 Bd7e6
22.h3 Rb8c8
23.Rd1c1 Rc8c7
24.Be2d3 Rh8c8
25.Rf1e1 Rc7xc3
26.Rc1xc3 Rc8xc3
27.Re1d1 Ng6f4
28.Nf3e1 Be6b3
29.Rd1b1 Nf4xd3
30.Ne1f3 Ke6
31.Nf3d2 Rc3c1
32.Rb1xc1 Nd3xc1
33.Nd2xb3 Nc1xb3
34.f3 Nb3d4
35.Kf2 Nd4c6
36.Ke3 Nc6xb4
37.Kd2 a5
38.Kc3 Kd6
39.g3 Nb4c6
40.f4 exf4
41.gxf4 Ke6
42.h4 g6
43.Kd3 Kf6
44.Kc3 h5
45.Kd3 b4
46.Kc4 a4
47.e5 Ke6
48.Kd3 Kf5
49.Ke3 a3
50.Kd3 a2
51.Kc4 a1Q
52.Kc5 Qa1c1
53.Kd6 b3
54.e6 b2
55.e7 Nc6xe7
56.Kxe7 b1Q
57.Kf7 Qc1c7
58.Kf8 Qb1b8
0-1

[Event "Défi"]
[Site "www.echecsemail.com"]
[Date "2026.01.24"]
[Round "1"]
[White "Intrigue"]
[Black "Calcedoine"]
[WhiteElo "1760"]
[BlackElo "1820"]
[Result "0-1"]
1.f4 f6
2.e4 d5
3.exd5 Qd8xd5
4.Nb1c3 Qd5d8
5.Ng1f3 Nb8c6
6.d4 e6
7.b3 Bf8d6
8.Bf1d3 a6
9.O-O Ng8h6
10.Rf1e1 O-O
11.d5 exd5
12.Nc3xd5 Nc6e7
13.Nd5xe7 Bd6xe7
14.c4 Be7b4
15.Re1e3 Bb4c5
16.Qd1e2 Rf8e8
17.b4 Bc5xe3
18.Bc1xe3 Nh6g4
19.Ra1d1 Re8xe3
20.Qe2xe3 Ng4xe3
21.Bd3xh7 Kxh7
22.Rd1xd8 Ne3xc4
23.Nf3d4 Kg6
24.Nd4e6 c6
25.Ne6c7 Ra8b8
26.h3 Nc4e3
27.Nc7e6 Kf7
28.Ne6c7 Ne3d5
29.Nc7e8 Ke7
{ abandon }0-1

[Event "Défi"]
[Site "www.echecsemail.com"]
[Date "2026.01.24"]
[Round "1"]
[White "Intrigue"]
[Black "Albescab"]
[WhiteElo "1760"]
[BlackElo "1630"]
[Result "1-0"]
1.c4 e5
2.Nb1c3 d6
3.e4 Bc8e6
4.Ng1f3 Bf8e7
5.d4 Be6g4
6.dxe5 dxe5
7.Qd1xd8 Be7xd8
8.Nf3xe5 Ng8f6
9.Ne5xg4 Nf6xg4
10.Bf1e2 Bd8f6
11.Be2xg4 Bf6xc3
12.bxc3 O-O
13.Bc1a3 Rf8e8
14.f3 Nb8c6
15.Kf2 Nc6e5
16.Rh1d1 Ne5xc4
17.Ba3c1 f6
18.Bc1f4 c5
19.Rd1d7 b6
20.Ra1d1 Nc4b2
21.Rd1d2 Nb2a4
22.c4 a6
23.Rd7b7 b5
24.Rd2d7 Na4c3
25.Rd7xg7 Kh8
26.Rg7xh7 Kg8
27.Rb7g7 Kf8
28.Bf4d6 Re8e7
29.Bd6xe7 Ke8
30.Rh7h8 1-0

[Event "Coupe Niveau 4"]
[Site "www.echecsemail.com"]
[Date "2026.01.24"]
[Round "1"]
[White "Elghribi"]
[Black "Intrigue"]
[WhiteElo "1920"]
[BlackElo "1770"]
[Result "1-0"]
1.e4 c5
2.Ng1f3 Nb8c6
3.d4 d6
4.Bc1e3 Bc8g4
5.dxc5 dxc5
6.Qd1xd8 Ra8xd8
7.Be3xc5 Bg4xf3
8.gxf3 b6
9.Bc5e3 e5
10.c3 Ng8f6
11.Nb1d2 Bf8c5
12.Bf1b5 Rd8c8
13.Be3xc5 Nf6d7
14.Bc5e3 O-O
15.O-O-O Nd7f6
16.Kb1 Rf8d8
17.Nd2c4 Rd8xd1
18.Rh1xd1 h6
19.Bb5xc6 Rc8xc6
20.Nc4xe5 Rc6c7
21.Ne5d3 g5
22.Nd3b4 a5
23.Be3xb6 Rc7b7
24.Bb6xa5 Kg7
25.Nb4d3 h5
26.b4 { abandon }1-0

[Event "Défi( 10J+24H/c 10J Max )"]
[Site "www.echecsemail.com"]
[Date "2026.01.24"]
[Round "1"]
[White "Kiki"]
[Black "Vb83"]
[WhiteElo "2450"]
[BlackElo "1480"]
[Result "1-0"]
1.e4 e6
2.Ng1f3 Nb8c6
3.d4 Ng8f6
4.Bc1g5 Bf8e7
5.e5 Nf6e4
6.Bg5xe7 Qd8xe7
7.c3 a6
8.Bf1d3 Ne4g5
9.Nb1d2 Ng5xf3
10.Qd1xf3 d6
11.Qf3g3 g6
12.Nd2e4 Kd8
13.exd6 cxd6
14.Ne4xd6 e5
15.dxe5 Nc6xe5
16.O-O-O Qe7xd6
17.Bd3f5 { abandon }1-0

[Event "Tournoi n27346"]
[Site "www.echecsemail.com"]
[Date "2026.01.24"]
[Round "1"]
[White "Killbill"]
[Black "Darkknight99"]
[WhiteElo "2019"]
[BlackElo "1980"]
[Result "1-0"]
1.e4 e6
2.d4 d5
3.exd5 exd5
4.Ng1f3 Ng8f6
5.Bf1d3 Bf8d6
6.Qd1e2 Bc8e6
7.c4 O-O
8.c5 Bd6e7
9.O-O Rf8e8
10.Nb1c3 Be6g4
11.Bc1e3 Nb8c6
12.h3 Bg4h5
13.Ra1e1 Be7f8
14.g4 Bh5g6
15.Bd3b5 a6
16.Bb5xc6 bxc6
17.Nf3e5 Re8e6
18.f4 Bg6e4
19.f5 Re6e8
20.Ne5xc6 Qd8d7
21.Nc6e5 Qd7d8
22.c6 Qd8d6
23.g5 Re8xe5
24.dxe5 Qd6xe5
25.Be3f4 Qe5d4
26.Rf1f2 Nf6e8
27.Nc3xe4 dxe4
28.Qe2xe4 Qd4b6
29.g6 hxg6
30.fxg6 Ne8f6
31.gxf7 Kh8
32.Qe4g6 Bf8c5
33.Bf4h6 Bc5xf2
34.Kh2 { abandon }1-0

[Event "1301"]
[Site "www.echecsemail.com"]
[Date "2026.01.24"]
[Round "1"]
[White "Katastrofic"]
[Black "4x4"]
[WhiteElo "1370"]
[BlackElo "1480"]
[Result "0-1"]
1.e4 e5
2.Bf1c4 d6
3.h3 Bc8e6
4.Bc4xe6 fxe6
5.c4 Nb8c6
6.d3 Nc6d4
7.Bc1e3 c5
8.Be3xd4 exd4
9.Ng1f3 e5
10.O-O Qd8d7
11.b3 O-O-O
12.Nb1d2 Ng8f6
13.a4 g6
14.Nf3h2 Nf6h5
15.Qd1f3 Bf8g7
16.Qf3e2 Nh5f4
17.Qe2f3 h6
18.Rf1d1 g5
19.Qf3g4 Qd7xg4
20.Nh2xg4 Nf4xd3
21.f3 Nd3f4
22.Ng4f2 h5
23.Kh2 b6
24.a5 Kb7
25.Nd2f1 a6
26.Nf2d3 g4
27.Nd3xf4 exf4
28.hxg4 hxg4
29.Kg1 d3
30.Ra1a2 Bg7d4
31.Nf1e3 fxe3
32.Rd1xd3 e2
{ abandon }0-1

[Event "Eq:modesty-Royal Kids :"]
[Site "www.echecsemail.com"]
[Date "2026.01.24"]
[Round "1"]
[White "Fresiers"]
[Black "Nbelnico"]
[WhiteElo "2200"]
[BlackElo "1730"]
[Result "1-0"]
1.d4 d5
2.c4 dxc4
3.e4 b5
4.a4 Bc8d7
5.axb5 Bd7xb5
6.Nb1c3 Bb5a6
7.b3 Ba6b7
8.bxc4 e6
9.Ng1e2 Bf8b4
10.Qd1a4 Nb8c6
11.d5 Qd8d6
12.dxc6 Bb7xc6
13.Qa4c2 Ng8f6
14.f3 O-O
15.Bc1e3 a5
16.Ra1d1 Qd6e7
17.Ne2d4 Bc6d7
18.Bf1d3 a4
19.O-O a3
20.e5 Nf6e8
21.Bd3xh7 Kh8
22.Bh7e4 a2
23.Be4xa8 f6
24.exf6 Ne8xf6
25.Ba8e4 e5
26.Nd4f5 Qe7f7
27.Nc3d5 Bb4d6
28.Nf5h4 Qf7h5
29.Nh4g6 Kg8
30.Ng6xf8 Kxf8
31.Rd1a1 Bd7g4
32.Nd5xf6 gxf6
33.fxg4 Qh5xg4
34.Rf1xf6 Ke7
35.Ra1f1 a1Q
36.Rf6f7 Kd8
37.Rf1xa1 Ke8
38.Rf7h7 Bd6e7
39.Be4c6 Kd8
40.Ra1a8 { abandon }1-0

[Event "Défi"]
[Site "www.echecsemail.com"]
[Date "2026.01.24"]
[Round "1"]
[White "Xercott"]
[Black "Tartu"]
[WhiteElo "1780"]
[BlackElo "1670"]
[Result "1-0"]
1.d4 Ng8f6
2.c4 c5
3.d5 b5
4.b3 bxc4
5.bxc4 g6
6.Nb1d2 Bf8g7
7.Ra1b1 d6
8.Ng1f3 O-O
9.Bc1b2 Bc8g4
10.Qd1c2 Nb8d7
11.h3 Bg4xf3
12.exf3 Ra8b8
13.f4 e6
14.g3 exd5
15.cxd5 Nf6xd5
16.Bf1c4 Rf8e8
17.Kf1 Nd5b4
18.Qc2a4 d5
19.Bc4b5 Bg7xb2
20.Rb1xb2 Qd8f6
21.Rb2b1 Re8d8
22.Bb5xd7 Qf6d4
23.Rb1d1 Qd4d3
24.Kg2 Qd3a6
25.Qa4xa6 Nb4xa6
26.Bd7g4 Rb8b2
27.Rh1e1 Rb2xa2
28.Re1e5 d4
29.Nd2e4 f5
30.Bg4xf5 gxf5
31.Re5xf5 Rd8f8
32.Rf5g5 Kh8
33.Ne4xc5 Na6xc5
34.Rg5xc5 Rf8d8
35.Rd1d3 Ra2a4
36.Rc5c7 a5
37.f5 Ra4b4
38.f6 a4
39.g4 Rd8a8
40.Rd3f3 a3
41.f7 Ra8f8
42.Rf3xa3 Rb4b1
43.Ra3d3 Rb1b4
44.Rc7d7 h6
45.h4 Kg7
46.f4 Rf8xf7
47.Rd7xf7 Kxf7
48.Kf3 Kf6
49.Ke4 Rb4b1
50.g5 hxg5
51.hxg5 Kg6
52.Rd3xd4 Rb1e1
53.Kf3 Kf5
54.Rd4d5 Kg6
55.Rd5d6 Kf5
56.Rd6f6 1-0

[Event "ZGOUGOU"]
[Site "www.echecsemail.com"]
[Date "2026.01.24"]
[Round "1"]
[White "Mindthegap"]
[Black "Intrigue"]
[WhiteElo "1440"]
[BlackElo "1760"]
[Result "0-1"]
1.e4 e5
2.Ng1f3 Nb8c6
3.Nb1c3 Ng8f6
4.Bf1c4 Bf8e7
5.d3 O-O
6.Bc1d2 a6
7.Nf3g5 b5
8.Bc4b3 Nc6d4
9.h3 Nd4xb3
10.axb3 h6
11.h4 d6
12.b4 c5
13.Nc3d5 Nf6xd5
14.exd5 Be7xg5
15.hxg5 hxg5
16.Qd1h5 f6
17.Qh5h8 Kf7
18.Qh8h5 Ke7
19.O-O-O Bc8b7
20.Rd1e1 Rf8h8
21.Qh5g6 Qd8e8
22.Qg6xg7 Qe8f7
23.Qg7xf7 Kxf7
24.f4 exf4
25.Rh1xh8 Ra8xh8
26.g3 f3
27.Bd2xg5 fxg5
28.g4 Bb7xd5
{ abandon }0-1

[Event "Tournoi n27386"]
[Site "www.echecsemail.com"]
[Date "2026.01.24"]
[Round "1"]
[White "Jyfsk"]
[Black "Geantvert"]
[WhiteElo "1800"]
[BlackElo "1850"]
[Result "0-1"]
1.e4 c5
2.d4 cxd4
3.Qd1xd4 Nb8c6
4.Qd4d1 g6
5.Bc1e3 Bf8g7
6.c3 d6
7.Ng1f3 e6
8.Bf1b5 Bc8d7
9.O-O Ng8e7
10.Nb1d2 O-O
11.Bb5d3 Nc6e5
12.Nf3xe5 Bg7xe5
13.f4 Be5g7
14.Ra1b1 b6
15.Nd2f3 Bd7c6
16.Be3d4 Bc6b7
17.Bd4xg7 Kxg7
18.Nf3g5 h6
19.Ng5h3 f5
20.e5 dxe5
21.fxe5 Qd8d5
22.Rf1f2 Ra8d8
23.Nh3f4 Qd5c6
24.Qd1d2 Ne7d5
25.Nf4xd5 Qc6xd5
26.b3 Qd5xd3
27.Qd2xd3 Rd8xd3
28.c4 Rf8d8
29.g3 Rd3d1
30.Rb1xd1 Rd8xd1
31.Rf2f1 Rd1xf1
32.Kxf1 g5
33.Kf2 Kf7
34.Ke3 Ke7
35.Kd4 Kd7
36.b4 Bb7g2
37.a4 a6
38.Ke3 Kc6
39.Kd4 b5
40.a5 bxc4
41.Kxc4 Bg2d5
42.Kc3 Kb5
{ abandon }0-1

[Event "Défi"]
[Site "www.echecsemail.com"]
[Date "2026.01.24"]
[Round "1"]
[White "Malvina"]
[Black "Nanaluce"]
[WhiteElo "1270"]
[BlackElo "1170"]
[Result "1-0"]
1.d4 d5
2.Nb1c3 e6
3.e4 Ng8f6
4.e5 Nf6e4
5.Ng1e2 Bf8e7
6.g3 Be7g5
7.Bf1g2 O-O
8.b3 Nb8c6
9.Bc1a3 Rf8e8
10.O-O b6
11.Nc3xe4 h6
12.f4 Bg5e7
13.Ba3xe7 Qd8xe7
14.Ne4c3 f5
15.Kh1 g5
16.Kg1 g4
17.Nc3xd5 Qe7d8
18.Nd5f6 Kf8
19.Nf6xe8 Kxe8
20.h3 Nc6b4
21.hxg4 Kf8
22.Bg2xa8 Bc8d7
23.Ba8f3 h5
24.gxh5 Kg8
25.g4 Nb4d5
26.g5 Nd5e3
27.Qd1d3 Ne3xf1
28.Ra1xf1 a5
29.Ne2c3 Kg7
30.Rf1f2 Qd8h8
31.Rf2h2 c5
32.h6 Kg6
33.Qd3f1 Kf7
34.Nc3b5 Qh8e8
35.h7 Qe8h8
36.Nb5d6 Kg7
37.Qf1h3 cxd4
38.Qh3h6 1-0

[Event "Marmotte chess  3"]
[Site "www.echecsemail.com"]
[Date "2026.01.24"]
[Round "1"]
[White "Kaelstrum"]
[Black "Marmotte"]
[WhiteElo "1490"]
[BlackElo "1500"]
[Result "0-1"]
1.e4 e5
2.Ng1f3 Nb8c6
3.Bf1b5 d6
4.Nb1c3 Bc8d7
5.O-O a6
6.Bb5a4 Ng8f6
7.d3 Bf8e7
8.h3 O-O
9.Bc1g5 h6
10.Bg5h4 b5
11.Ba4b3 Nc6d4
12.Nf3xd4 exd4
13.Nc3e2 c5
14.Qd1d2 Bd7e6
15.f4 a5
16.f5 Be6xb3
17.axb3 a4
18.bxa4 Qd8a5
19.axb5 Qa5xd2
{ abandon }0-1